| 000 | 00539nam a2200169 i 4500 | ||
|---|---|---|---|
| 001 | 75558 | ||
| 003 | ES-MaACL | ||
| 005 | 20231229063019.0 | ||
| 007 | t| | ||
| 008 | 040924s1947 sp ||||1| spa d | ||
| 100 | 1 |
_aGrande Covián, Francisco, _d1909-1995 _959588 |
|
| 245 | 1 | 3 |
_aLa ciencia de la alimentación / _cFrancisco Grande Covián. |
| 260 |
_a[Madrid] : _bPegaso, _c[1947] ( _fIndustrias Gráficas España) |
||
| 300 |
_aXXX, 388 p., 3 lám ; _c23 cm. |
||
| 852 |
_aES-MaACL _jC-4268 _bR.24064 |
||
| 999 |
_c75558 _d75558 |
||